00433 a2200145 4500020001500000050002100015100003600036245005800072250001800130264003900148300001800187500005000205650001500255651001700270 a0958434735 aKTL3573 MEY 2002 aMeyerowitz, David, S.C.eauthor aMeyerowittz on income tax /cDavid Meyerowitzw, S. C. a2001-2002 ed. acape Town :bThe uTaxpayer,c2002. aseveral pages aIncludes bibliographical references and index aIncome tax aSouth Africa